000 00741cam a2200229 a 4500
001 000011604
005 20200929162512.0
008 780629s1975 ve af b 000 0 spa
040 _aDO-SdBNP
_bspa
_cDLC
_dDLC
_dBNPHU
082 _a686.287
_bG216i
100 1 _aGarcía Ponce, Servando.
_927444
245 1 3 _aLa imprenta en la historia de Venezuela /
_cServando García Ponce.
260 _aCaracas :
_bMonte Ávila,
_c[1975].
300 _a238 p., :
_bil. ;
_c18 cm.
490 1 _aEstudios
504 _aBibliografía: p. 237-238.
651 4 _aVenezuela
_xImprenta
_xHistoria
_927445
650 4 _aPrensa y política
_zVenezuela
_xHistoria
_927446
830 0 _aEstudios.
_93854
910 _aCatalogación por copia / LC
049 _aBNGR
999 _c11299
_d11299